Vainqueurs d'étapes Tour de France 2017 - Statistiques

Statistiques générales
  • Ce quiz a été pris 106 fois
  • Le résultat moyen est 14 sur 21
Statistiques - réponses
Etape Ville départ/arrivé Réponse % Correct
Etape 12 Pau – Peyragudes Romain Bardet
90%
Etape 13 Saint-Girons – Foix Warren Barguil
87%
Etape 18 Briançon – Izoard Warren Barguil
87%
Etape 3 Verviers (BEL) – Longwy Peter Sagan
84%
Etape 1 Düsseldorf (GER) – Düsseldorf (GER) Geraint Thomas
81%
Etape 2 Düsseldorf (GER) – Liège (BEL) Marcel Kittel
81%
Etape 6 Vesoul – Troyes Marcel Kittel
81%
Etape 7 Troyes – Nuits-Saint-Georges Marcel Kittel
81%
Etape 10 Périgueux – Bergerac Marcel Kittel
81%
Etape 11 Eymet – Pau Marcel Kittel
81%
Etape 9 Nantua – Chambéry Rigoberto Uran
76%
Etape 5 Vittel – La Planche des Belles Filles Fabio Aru
73%
Etape 4 Mondorf-les-Bains (LUX) – Vittel Arnaud Démare
67%
Etape 8 Dole – Station des Rousses Lilian Calmejane
64%
Etape 14 Blagnac – Rodez Michael Matthews
54%
Etape 16 Le Puy-en-Velay – Romans-sur-Isère Michael Matthews
54%
Etape 17 La Mure – Serre Chevalier Primoz Roglic
49%
Etape 20 Marseille – Marseille Maciej Bodnar
46%
Etape 21 Montgeron – Paris - Champs-Élysées Dylan Groenewegen
42%
Etape 15 Laissac-Sévérac l'Église – Le Puy-en-Velay Bauke Mollema
41%
Etape 19 Embrun – Salon-de-Provence Edvald Boasson Hagen
36%
Aucun quiz correspondant
Distribution des résultats
% des personnes avec chaque résultat
Percentile par nombre de réponses
Votre historique - résultats
Vous n’avez pas pris ce quiz